Cẩm nang Anh ngữ which word? : Hướng dẫn sử dụng từ chính xác
Enregistré dans:
| Auteur principal: | |
|---|---|
| Format: | Livre |
| Langue: | Undetermined |
| Publié: |
Đồng Nai
Nhà xuất bản Đồng Nai
2003
|
| Sujets: | |
| Tags: |
Ajouter un tag
Pas de tags, Soyez le premier à ajouter un tag!
|
| Thư viện lưu trữ: | Trung tâm Học liệu Trường Đại học Cần Thơ |
|---|
| LEADER | 00631nam a2200205Ia 4500 | ||
|---|---|---|---|
| 001 | CTU_94254 | ||
| 008 | 210402s9999 xx 000 0 und d | ||
| 082 | |a 428 | ||
| 082 | |b Qu603 | ||
| 100 | |a Phạm, Tấn Quyền | ||
| 245 | 0 | |a Cẩm nang Anh ngữ which word? : | |
| 245 | 0 | |b Hướng dẫn sử dụng từ chính xác | |
| 245 | 0 | |c Phạm Tấn Quyền | |
| 260 | |a Đồng Nai | ||
| 260 | |b Nhà xuất bản Đồng Nai | ||
| 260 | |c 2003 | ||
| 650 | |a English language | ||
| 650 | |x Study and teaching | ||
| 904 | |i Tuyến | ||
| 980 | |a Trung tâm Học liệu Trường Đại học Cần Thơ | ||